| 000 -ლიდერი |
| ფიქსირებული სიგრძის საკონტროლო ველი |
01495nam a22002537a 4500 |
| 003 - საკონტროლო ნომრის იდენტიფიკატორი |
| საკონტროლო ველი |
Ge_BSU |
| 005 - ბოლო ოპერაციის თარიღი და დრო |
| საკონტროლო ველი |
20260217175436.0 |
| 008 - ფიქსირებული სიგრძის მონაცემთა ელემენტები - ზოგადი ინფორმაცია |
| ფიქსირებული სიგრძის საკონტროლო ველი |
260217s2002 ge ||||| |||| 00| 0 geo d |
| 020 ## - წიგნის საერთაშორისო სტანდარტული ნომერი |
| International Standard Book Number |
9992893451 |
| 041 ## - ენის კოდი |
| Language code of text/sound track or separate title |
geo |
| 080 ## - უნივერსალური ათობითი კლასიფიკაციის ინდექსი |
| Universal Decimal Classification number |
913(100) :911.3:33(100) მ-39 |
| 100 ## - მთავარი ჩანაწერი - პიროვნების სახელი |
| Personal name |
მაქსაკოვსკი, ვ.პ. |
| 9 (RLIN) |
26640 |
| 245 ## - ცნობა სათაურის შესახებ |
| Title |
მსოფლიოს გეოგრაფიული სურათი. რეგიონული მიმოხილვა : |
| Remainder of title |
თარგმანი რუს. / |
| Statement of responsibility, etc |
[მთარგმნ.: ლ. აბაზაძე, გ. ლაშხი, მ. მელიქსეთბეგი; რედ.: ზ. დავითაშვილი]. |
| 264 ## - წარმოების, გამოცემის, დისტრიბუციის და სხვა ცნობები |
| გამოცემის, წარმოების, დისტრიბუციის... ადგილი |
თბ. : |
| გამოცემის, წარმოების, დისტრიბუციის... სახელწოდება |
ლეგა, |
| გამოცემის, წარმოების, დისტრიბუციის... თარიღი |
2002. |
| 300 ## - ფიზიკური აღწერა |
| Extent |
314 გვ. ; |
| Other physical details |
27 სმ. |
| 500 ## - ზოგადი შენიშვნა |
| General note |
გარეკანზე ავტ. აღნიშნული არ არის |
| 653 ## - INDEX TERM--UNCONTROLLED |
| Uncontrolled term |
მსოფლიოს ეკონომიკური გეოგრაფია |
| 653 ## - INDEX TERM--UNCONTROLLED |
| Uncontrolled term |
მსოფლიოს სოციალურ-პოლიტიკური გეოგრაფია |
| 700 ## - ADDED ENTRY--PERSONAL NAME |
| Personal name |
დავითაშვილი, ზ. |
| Relator term |
რედაქტორი |
| 9 (RLIN) |
26908 |
| 700 ## - ADDED ENTRY--PERSONAL NAME |
| Personal name |
აბაზაძე, ლ. |
| Relator term |
მთარგმნელი |
| 9 (RLIN) |
26909 |
| 700 ## - ADDED ENTRY--PERSONAL NAME |
| Personal name |
ლაშხი, გ. |
| Relator term |
მთარგმნელი |
| 9 (RLIN) |
26910 |
| 700 ## - ADDED ENTRY--PERSONAL NAME |
| Personal name |
მელიქსეთბეგი, მ. |
| Relator term |
მთარგმნელი |
| 9 (RLIN) |
26911 |
| 942 ## - ADDED ENTRY ELEMENTS (KOHA) |
| Source of classification or shelving scheme |
|
| Koha item type |
წიგნი |